[Event "GER-chT U10"]
[Site "Magdeburg"]
[Date "2013.12.28"]
[Round "4.3"]
[White "Schmidt, Richard"]
[Black "Muehl, Felix"]
[Result "1-0"]
[WhiteElo "985"]
[BlackElo "811"]
[PlyCount "67"]
[EventDate "2013.12.27"]
[EventType "team-swiss"]
[EventRounds "5"]
[EventCountry "GER"]
[SourceTitle "EXT 2015"]
[Source "ChessBase"]
[SourceDate "2014.11.20"]
[SourceVersion "1"]
[SourceVersionDate "2014.11.20"]
[SourceQuality "1"]
[WhiteTeam "Magdeburg USC"]
[BlackTeam "Raesfeld"]
[WhiteTeamCountry "GER"]
[BlackTeamCountry "GER"]

1. e4 e5 2. Nf3 Nc6 3. d4 Qe7 4. Nc3 Nf6 5. Be2 Qd8 6. dxe5 Ng4 7. e6 dxe6 8. Bd2 Bc5 9. 0-0 0-0 10. h3 Nf6 11. Bd3 e5 12. Bg5 h6 13. Bh4 a6 14. Bg3 b5 15. Qd2 b4 16. Nd5 Nxd5 17. exd5 Qxd5 18. c4 Qe6 19. Be4 Rd8 20. Bd5 Qf6 21. Bh4 Qg6 22. Rae1 Nb8 23. Nxe5 Qh5 24. Bxf7+ Qxf7 25. Bxd8 Bd6 26. Nxf7 Kxf7 27. Bh4 a5 28. Qd5+ Be6 29. Qxa8 c5 30. Qf3+ Ke8 31. Rxe6+ Kd7 32. Rfe1 Bh2+ 33. Kxh2 Na6 34. Qc6# 1-0

[Event "GER-chT U10"]
[Site "Magdeburg"]
[Date "2012.12.27"]
[Round "1.4"]
[White "Wehling, Elias"]
[Black "Schmidt, Richard"]
[Result "0-1"]
[WhiteElo "769"]
[BlackElo "884"]
[PlyCount "52"]
[EventDate "2012.12.27"]
[EventType "team-swiss"]
[EventRounds "7"]
[EventCountry "GER"]
[SourceTitle "EXT 2014"]
[Source "ChessBase"]
[SourceDate "2013.11.20"]
[SourceVersion "1"]
[SourceVersionDate "2013.11.20"]
[SourceQuality "1"]
[WhiteTeam "Magdeburg USC"]
[BlackTeam "Breitenworbis II"]
[WhiteTeamCountry "GER"]
[BlackTeamCountry "GER"]

1. e4 e5 2. Nf3 Nc6 3. Bc4 Bc5 4. Nc3 Nf6 5. 0-0 d6 6. d3 h6 7. Bb5 Bg4 8. h3 Bh5 9. Bd2 0-0 10. Nd5 Nxd5 11. exd5 Nd4 12. Qe1 Bxf3 13. Qe3 Bxd5 14. Bc3 Nxb5 15. Qe2 Nd4 16. Bxd4 Bxd4 17. c3 Bc5 18. d4 exd4 19. cxd4 Bb6 20. Qf3 Re8 21. Qc3 Qg5 22. g3 Bc6 23. h4 Qd5 24. Qf3 Qxf3 25. d5 Bxd5 26. Kh2 Qg2# 0-1